| 000 | 00933nam0a22002531 4500 | ||
|---|---|---|---|
| 001 | rc\3031669 | ||
| 005 | 20250530020514.0 | ||
| 035 | _a(NLR Aleph) 007172582 | ||
| 090 |
_a7361080 _c7361080 |
||
| 100 | _a20111002d1935 |||y0rusy50 ca | ||
| 101 | 0 | _arus | |
| 102 | _aRU | ||
| 105 | _ay z ||||| | ||
| 200 | 1 |
_aАрийское счастье _e[Рассказы] _fГ. Рыклин |
|
| 210 |
_aМосква _cизд-во, тип. и цинк. Журн.-газ. объединения _d1935 |
||
| 215 |
_aОбл., 45, [2] с., 1 с. объявл. _d14х11 см |
||
| 225 | 1 |
_aБиблиотека "Огонек" _v№ 66 (909) |
|
| 700 | 1 |
_4070 _7ca _8rus _aРыклин _bГ. Е. _cписатель, журналист _f1894-1975 _gГригорий Ефимович _9265441 _3RU\NLR\AUTH\770265497 |
|
| 801 | 0 |
_aRU _bNLR _gpsbo |
|
| 801 | 1 |
_aRU _bELAR _2rusmarc |
|
| 852 |
_aNLR _j35-8/1351 |
||
| 942 | _cBOOK | ||
| 980 | _aNB | ||